The politics and law of term limits / (Record no. 4359)

MARC details
000 -LEADER
fixed length control field 00656cam a22002172 4500
001 - CONTROL NUMBER
control field 0000023293
005 - DATE AND TIME OF LATEST TRANSACTION
control field 20151217145940.0
008 - FIXED-LENGTH DATA ELEMENTS--GENERAL INFORMATION
fixed length control field 121019s xx 000 0 eng d
020 ## - INTERNATIONAL STANDARD BOOK NUMBER
International Standard Book Number 1882577124 :
040 ## - CATALOGING SOURCE
Original cataloging agency KABU
Transcribing agency KABU
245 14 - TITLE STATEMENT
Title The politics and law of term limits /
Statement of responsibility, etc. Edward H. Crane and Roger Pilon.
250 ## - EDITION STATEMENT
Edition statement 1st ed.
260 ## - PUBLICATION, DISTRIBUTION, ETC. (IMPRINT)
Place of publication, distribution, etc. Washington, D. C. :
Name of publisher, distributor, etc. Cato,
Date of publication, distribution, etc. 1994.
300 ## - PHYSICAL DESCRIPTION
Extent 163 p.
650 #0 - SUBJECT ADDED ENTRY--TOPICAL TERM
Topical term or geographic name as entry element Term of office
Geographic subdivision United States. Congress.
-- 0000182675
700 1# - ADDED ENTRY--PERSONAL NAME
Personal name Crane, Edward H.
-- 0000182676
700 1# - ADDED ENTRY--PERSONAL NAME
Personal name Pilon, Roger.
-- 0000182677
908 ## - PUT COMMAND PARAMETER (RLIN)
Put command parameter 121019
950 ## - LOCAL HOLDINGS (RLIN)
-- 1
Holdings
Withdrawn status Lost status Source of classification or shelving scheme Not for loan Home library Current library Date acquired Total Checkouts Full call number Barcode Date last seen Price effective from Koha item type
    Library of Congress Classification   Kabarak, Main Campus Kabarak, Main Campus 17/12/2015   JK1140 .P65 1994 c.1 013775 17/12/2015 17/12/2015 General Collection
Designed with assistance from East African Informatics Ltd